000 00308nam a2200121Ia 4500
005 20260330112750.0
008 260330s9999||||xx |||||||||||||| ||und||
020 _a9789580476993
041 _aspa
100 _aBourgeois, Paulette
245 0 _aFranklin Monta En Bicicleta /
_cPaulette Bourgeois
942 _cBKL
999 _c3489
_d3489